The Twelve Prophets / (Record no. 5002)

MARC details
000 -LEADER
fixed length control field 00858cam a22001814a 4500
020 ## - INTERNATIONAL STANDARD BOOK NUMBER
ISBN 0830814841 (alk. paper)
020 ## - INTERNATIONAL STANDARD BOOK NUMBER
ISBN 9780830814848
050 00 - CALL NUMBER
Classification number BS1560
Item number .T87
245 04 - TITLE
Title The Twelve Prophets /
Statement of responsibility, etc edited by Alberto Ferreiro ; general editor, Thomas C. Oden.
260 ## - PUBLICATION INFORMATION
Place of publication Downers Grove, Ill. :
Name of publisher InterVarsity Press,
Year of publication c2003.
300 ## - DESCRIPTION
Number of Pages xxv, 366 p. ;
Dimensions 27 cm.
440 #0 - SERIES
SERIES Ancient Christian commentary on Scripture.
500 ## - NOTES
General note Includes index.
505 ## - FORMATTED CONTENTS NOTE
Table of Content Introduction to the twelve propheets<br/>Commentary on Hosea<br/>Commentary on Joel<br/>Commentary on Amos<br/>Commentary on Obadiah<br/>Commentary on Jonah<br/>Commentary on Micah<br/>Commentary on Nahum<br/>Commentary on Habakkuk<br/>Commentary on Zephaniah<br/>Commentary on Haggai<br/>Commentary on Zechariah<br/>Commentary on Malachi<br/><br/>
700 1# - OTHER AUTHORS
Personal name Ferreiro, Alberto.
700 1# - OTHER AUTHORS
Personal name Oden, Thomas C.
942 ## - ADDED ENTRY ELEMENTS (KOHA)
Koha item type Books
Holdings
Withdrawn status Lost status Collection code Home library Current library Shelving location Date acquired Full call number Accession Number Koha item type
    Reference Methodist University Library Main Methodist University Library Main Reference   BS1560 .T87 24094 Books
Copyright © 2026  MUG Library